El principio del fín / (Record no. 526)

MARC details
000 -LEADER
campo de control de longitud fija 01425cam a22003137a 4500
001 - NÚMERO DE CONTROL
campo de control 17969506
005 - FECHA Y HORA DE LA ÚLTIMA TRANSACCIÓN
campo de control 20220326193318.0
008 - DATOS DE LONGITUD FIJA--INFORMACIÓN GENERAL
campo de control de longitud fija 131212s2012 cr a 000 0dspa d
010 ## - NÚMERO DE CONTROL DE LA BIBLIOTECA DEL CONGRESO
Número de control de LC 2013374777
020 ## - NÚMERO INTERNACIONAL ESTÁNDAR DEL LIBRO
Número Internacional Estándar del Libro 9789930944363
020 ## - NÚMERO INTERNACIONAL ESTÁNDAR DEL LIBRO
Número Internacional Estándar del Libro 9930944362
035 ## - NÚMERO DE CONTROL DEL SISTEMA
Número de control de sistema (OCoLC)ocn879676390
040 ## - FUENTE DE CATALOGACIÓN
Centro catalogador/agencia de origen LRU
Centro/agencia transcriptor LRU
Centro/agencia modificador OCLCO
-- OCLCA
-- DLC
042 ## - CÓDIGO DE AUTENTICACIÓN
Código de autenticación lccopycat
082 ## - NÚMERO DE LA CLASIFICACIÓN DECIMAL DEWEY
Número de clasificación 708
Número de ítem Ch512p
100 1# - ENTRADA PRINCIPAL--NOMBRE DE PERSONA
Nombre de persona Arrieta, Fabrizio,
Fechas asociadas al nombre 1982-
9 (RLIN) 2425
245 13 - MENCIÓN DEL TÍTULO
Título El principio del fín /
Mención de responsabilidad, etc. Fabricio Arrieta ; María José Chavarría, curaduría.
260 ## - PUBLICACIÓN, DISTRIBUCIÓN, ETC.
Lugar de publicación, distribución, etc. San José, Costa Rica :
Nombre del editor, distribuidor, etc. Museo de Arte y Diseño Contemporáneo,
Fecha de publicación, distribución, etc. [2012].
300 ## - DESCRIPCIÓN FÍSICA
Extensión 48 p. :
Otras características físicas col. ill. ;
Dimensiones 25 cm.
500 ## - NOTA GENERAL
Nota general Cover title.
505 ## - NOTA DE CONTENIDO CON FORMATO
Título Imagen/texto/Imagen
Mención de responsabilidad Fiorella Resenterra
Título Desde el principio del fin
Mención de responsabilidad Maria Jose Chavarria
Título Obras y referencias
-- El principio del fin - o quizas el final del comienzo: ciertas apropiaciones y paradojas de la imagen
Mención de responsabilidad Ernesto Calvo
Título Traducciones
-- Curriculim Vitae
-- Creditos
546 ## - NOTA DE IDIOMA
Nota de lengua/lenguaje Spanish and English.
600 10 - PUNTO DE ACCESO ADICIONAL DE MATERIA--NOMBRE DE PERSONA
Nombre de persona Arrieta, Fabrizio,
Fechas asociadas al nombre 1982-
9 (RLIN) 2426
650 #0 - PUNTO DE ACCESO ADICIONAL DE MATERIA--TÉRMINO DE MATERIA
Término de materia o nombre geográfico como elemento de entrada Painting, Costa Rican
Subdivisión de forma Exhibitions.
9 (RLIN) 2427
700 1# - ENTRADA AGREGADA--NOMBRE PERSONAL
Nombre de persona Chavarría, María José.
9 (RLIN) 2428
710 2# - ENTRADA AGREGADA--NOMBRE DE ENTIDAD CORPORATIVA
Nombre de entidad corporativa o nombre de jurisdicción como elemento de entrada Museo de Arte y Diseño Contemporáneo (San José, Costa Rica)
9 (RLIN) 2429
906 ## - ELEMENTOS DE DATOS F LOCAL, LDF (RLIN)
a 7
b cbc
c copycat
d 3
e ncip
f 20
g y-gencatlg
Holdings
Estatus retirado Estado de pérdida Fuente del sistema de clasificación o colocación Estado de daño No para préstamo Biblioteca de origen Biblioteca actual Ubicación en estantería Fecha de adquisición Total de préstamos Signatura topográfica completa Código de barras Visto por última vez Precio de reemplazo Tipo de ítem Koha
    Clasificación Decimal Dewey     Biblioteca LadoV Biblioteca LadoV   17/04/2015   708 Ch512p 000583 17/04/2015 17/04/2015 Material 01